Arrondissements de Centre-Val de Loire - Statistiques

Statistiques générales
  • Ce quiz a été pris 18 fois
  • Le résultat moyen est 13 sur 20
Réponses sur la Carte
Les réponses sont colorées sur une échelle allant du rouge au vert en fonction du pourcentage des utilisateurs qui les ont devinées à leur premier essai. Vous pouvez retrouver ces pourcentages ci-dessous.
 
Statistiques - réponses
Département Code d'arrondissement Nom d'arrondissement % Correct
18 181 Bourges
100%
45 452 Orléans
94%
37 372 Tours
94%
28 281 Chartres
89%
36 362 Châteauroux
89%
18 183 Vierzon
89%
41 411 Blois
83%
28 283 Dreux
67%
45 451 Montargis
61%
45 453 Pithiviers
61%
36 364 Issoudun
56%
28 282 Châteaudun
50%
37 371 Chinon
50%
28 284 Nogent-le-Rotrou
50%
41 412 Vendôme
50%
41 413 Romorantin-Lanthenay
44%
36 361 Le Blanc
39%
37 373 Loches
39%
18 182 Saint-Amand-Montrond
28%
36 363 La Châtre
22%
Aucun quiz correspondant
Distribution des résultats
% des personnes avec chaque résultat
Percentile par nombre de réponses
Votre historique - résultats
Vous n’avez pas pris ce quiz